| 000 | 00950nam a2200253 a 4500 | ||
|---|---|---|---|
| 005 | 20151006120859.0 | ||
| 008 | 140310b2002 ck |||||r|||| 00| 0 spa d | ||
| 040 |
_aCO-BoIAVH _cCO-BoIAVH |
||
| 041 | 0 | _aspa | |
| 044 | _ack | ||
| 082 | 0 | 4 |
_a333.9516 _bE19e |
| 090 |
_aLB _b03048 |
||
| 110 | 2 |
_aColombia _bSistema Nacional Ambiental |
|
| 245 | 1 | 0 |
_aEcorregión eje cafetero : _bun territorio de oportunidades |
| 260 |
_aPereira: _bSINA, _c2002. |
||
| 300 |
_a356 páginas : _bgráficas y mapas ; _c28 cm. _e1 CD-ROM |
||
| 500 | _aIncluye índices de mapas, gráficas, figuras, tablas y cuadros. | ||
| 650 | 4 |
_aBiodiversidad _xconservación _zEje Cafetero (Región, Colombia) |
|
| 650 | 4 |
_aConservación de la biodiversidad _zEje Cafetero (Región, Colombia) |
|
| 650 | 4 | _aAreas naturales | |
| 650 | 4 | _aReservas naturales | |
| 650 | 4 |
_aEcorregiones _zEje Cafetero (Región, Colombia) |
|
| 942 |
_cLIBRO _2ddc |
||
| 999 |
_c3279 _d3279 |
||